01113nas a2200277Ia 4500001002300000003001000023008004100033040002500074041001300099100001700112210002200129222002200151245009900173250001100272260000900283501012300292300001600415362003500431500009400466650004400560700001100604942000700615957000600622999003200628952017500660dg41-2163 [d000002272]IT-MiCISF161014c99999999xx |||||||||||| ||und|| aIT-MiCISFcIT-MiCISF aITALIANO aBiscarin A.  aMedicine and Mind aMedicine and Mind 0aConsultoriogiovanibI Congresso internazionale di adolescentologia, Assisi, 22-24 ottobre 1993 a1a ed. c1994 bCISF - Centro Internazionale Studi Famiglia - Via Giotto, 36 20145 MILANO (non commercial uses only)cCopyright 2016 app. 125-135 a voll. VIII-IX nn. 1, 2 [1994] aBioli G., Carpano E., Toccaceli L., Verducci D. Tema: adolescenza, consultori, esperienze aFAMIGLIA - consulenza familiarevsaggio aAA.VV. cCR 71 a2163bSig1c221573d221573 0010406DG_412163_D00000227271aCISFbCISFd2016-10-14l0odg41-2163 [d000002272]r2016-10-14 00:00:00w2016-10-14yCRzData import 15.10.2016 / by Epidotti, Vaglietti